000 00513nam a2200181Ia 4500
005 20250508150701.0
008 008 250505s9999 xx 000 0 eng d
037 _aTextual
040 _aFEDL
_beng
_cFEDL
041 _aeng
_2eng
084 _a428.25, RIC
_qFEDL
100 _aRichards I A
245 0 _aBasic in teaching : East and west
260 _aLondon, UK
_bKegan Paul, Trench, Trubner and Co Ltd
_c1935
300 _a111p.
942 _cTEXL
_h428.25, RIC
999 _c1325036
_d1325036